| 000 | 00458nam a22001817a 4500 | ||
|---|---|---|---|
| 999 |
_c524388 _d524388 |
||
| 003 | NUST | ||
| 005 | 20190620100945.0 | ||
| 038 | _aFaiza | ||
| 082 |
_a891.421 _bTAN |
||
| 100 |
_aTanvir Sapra _915209 |
||
| 245 |
_aLafaz Kadray / _cTanvir Sapra |
||
| 260 |
_aLahore : _bSanjh Publications, _c2011. |
||
| 300 | _a176 p. ; | ||
| 500 | _aHardcover. | ||
| 880 |
_6100-01\r _aتنویر سپرا |
||
| 880 |
_6245-02\r _aلفظ کھردرے / |
||
| 942 |
_2ddc _cBK |
||